Państwa wg alfabetu - Statystyki

Ogólne statystyki
  • Ten quiz został rozwiązany 296 razy
    281 od ostatniego zresetowania
  • Średni wynik to 10 z 23
Statystyki odpowiedzi
opis Kraje ;) % Poprawnych
C leżące w Afryce Czad
83%
O zaczyna się na "o":) Oman
73%
D z nazwą składająca się z wiecej niż jednego słowa Demokratyczna Republika Konga
68%
F z najmniejszą stolicą pod względem ludności Fidżi
63%
J trwa tam wojna domowa (marzec 2020) Jemen
63%
H posiądające jednego sąsiada Haiti
60%
E należące do Ligi Państw Arabskich Egipt
58%
A ma stolicę na "B" Argentyna
50%
V zaczyna się na "V";) Vanuatu
48%
N państwo z większą ludnością niż 130 mln Nigeria
45%
R trwała tam wojna pomiędzy Tutsi i Hutu Rwanda
43%
I państwo które uzyskło niepodległość w maju 1948 Izrael
39%
Z jej najkrótsza granica wynosi niecały 1 km Zambia
39%
B największe państwo śródlądowe Boliwia
36%
U z dostępem do największego jeziora na swoim kontynecie Uganda
30%
L jest podwójnie śródlądowe Liechtenstein
29%
G z nazwą stolicy w swojej nazwie państwa Gwinea Bissau
23%
P z dostępem do dwóch oceanów Panama
23%
M portugalskim jako język urzędowy Mozambik
21%
K w przeszłości kolonizowane przez: Niemcy, Francję oraz Wielką Brytanię Kamerun
20%
T uzyskał nie[podległosć w XXI wieku Timor Wschodni
17%
W państwo śródlądowe z więcej niż jednym sąsiadem Węgry
16%
S jedna z najdłusżych nazw na świecie Saint Vincent i Grenadyny
11%
Nie znaleziono quizów pasujących do podanych kryteriów
Rozkład punktacji
Procent ludzi z każdym wynikiem
Percentyl według liczby udzielonych odpowiedzi
Twoja historia wyników
Nie rozwiązałeś tego quizu od ostatniego zresetowania